| 000 | 00621nam a22001937a 4500 | ||
|---|---|---|---|
| 005 | 20251108173451.0 | ||
| 008 | 250721s9999 xx 000 0 ara d | ||
| 020 | _a977271132x | ||
| 082 | 1 | 4 | _a155.5/حسي |
| 100 | 1 | _aالحسيني، أيمن | |
| 245 | 1 | 0 | _aممنوع لأقل من 16 سنة مراهقون و مراهقات و أسئلتهم الحائرة / |
| 264 | 1 |
_aالقاهرة : _bمكتبة ابن سينا، |
|
| 300 | _a96.ص | ||
| 650 | 1 | 7 | _aسيكولوجية المراهقين |
| 650 | 1 | 7 | _aالنضج الجنسي |
| 650 | 1 | 7 | _aالطب النفسي |
| 942 |
_2ddc _cBK |
||
| 999 |
_c104557 _d104557 |
||